000347276 001__ 347276
000347276 005__ 20260203173113.0
000347276 0247_ $$aG:(GEPRIS)514477451$$d514477451
000347276 035__ $$aG:(GEPRIS)514477451
000347276 040__ $$aGEPRIS$$chttp://gepris.its.kfa-juelich.de
000347276 150__ $$aEntschlüsselung der mechanischen Prozesse, die die Form und Bewegung von Zellen in lebenden Geweben steuern - Bedeutung für die kardiovaskuläre Biologie$$y2023 -
000347276 371__ $$aProfessor Dr. Florian Gärtner, Ph.D.
000347276 450__ $$aDFG project G:(GEPRIS)514477451$$wd$$y2023 -
000347276 5101_ $$0I:(DE-588b)2007744-0$$aDeutsche Forschungsgemeinschaft$$bDFG
000347276 680__ $$a
000347276 909CO $$ooai:juser.fz-juelich.de:1018776$$pauthority$$pauthority:GRANT
000347276 909CO $$ooai:juser.fz-juelich.de:1018776
000347276 980__ $$aG
000347276 980__ $$aAUTHORITY